Július Koller. Galeria Ganku /

Saved in:
Bibliographic Details
Main Authors: Adamčiak, Milan (Author), Breier, Pavol (Author), Fulierová, Květoslava (Author)
Other Authors: Grúň, Daniel (Editor)
Format: Book
Language:Slovak
English
Published: Wien: SCHLEBRÜGGE.EDITOR, 2014
Edition:1. vydanie
Subjects:
Tags: Add Tag
No Tags, Be the first to tag this record!

MARC

LEADER 00000nam a22000003a 4500
001 0098795
003 SK-STU
005 20221202113837.8
007 ta
008 221202s ----xo-----e------000-0-----d
020 |a 978-3-902833-55-6 
040 |a STU  |b slo 
041 0 |a slo  |a eng 
044 |a au 
100 1 |a Grúň, Daniel  |4 edt 
245 1 0 |a Július Koller. Galeria Ganku /  |c ed. Daniel Grúň, Milan Adamčiak, Pavol Breier, Květoslava Fulierová 
250 |a 1. vydanie 
260 |a Wien:  |b SCHLEBRÜGGE.EDITOR,  |c 2014 
300 |a 123 s. 
650 0 7 |a výtvarníci slovenskí 
650 0 7 |a výtvarné umenie 
650 0 7 |a grafický dizajn 
650 0 7 |a galéria 
700 1 |a Adamčiak, Milan  |4 aut 
700 1 |a Breier, Pavol  |4 aut 
700 1 |a Fulierová, Květoslava  |4 aut 
996 |b 284AU09447  |c A* 12790/U  |l AAKNST  |s P  |a 0  |w 0098795_0001